000 01378nam a2200361Ia 4500
001 Z_6993
003 CHAP
005 20250516062732.0
008 220113s2017 xx 000 0 und d
010 _a170265
040 _cCHAP
090 _aTesis C374 2582
100 _aCastillo Cabrera, Cristian
_9134509
245 _aEvaluación del efecto de aceite de soya, en ganancia de peso de tilapia (Oreochromis niloticus), con dieta de 32 % de pc, enriquecida con quinoa (Chenopodium quinoa) /
_cCristian Castillo Cabrera
260 _aMéxico :
_bEl autor,
_c2017
300 _a81 p.
502 _aTesis (Ingeniero Agrónomo Especialista en Zootecnia) -- UACh, 2017 \ Dirección: Ma. del Socorro Salazar Bustos; asesoría: Eliseo Sosa Montes y José Isidro Alejos de la Fuente
650 _aAceite de soya
_9450
650 _aAcuicultura
_9758
650 _aComportamiento productivo
_9143438
650 _aPeso
_9146507
650 _aQuinoa
_993342
650 7 _aTilapia (nombre común)
_2
_9113299
700 _a Alejos de la Fuente, José Isidro, asesor
_9145277
700 _a Sosa Montes, Eliseo, asesor
_9143277
700 _aSalazar Bustos, Ma. del Socorro, director
_9142551
856 4 2 _uhttp://10.13.5.2/tesis/sist114450.pdf
_yDescargar PDF
901 _aTESIS C374 2582
902 _aA
910 _a2017
942 _c2
_2ddc
942 _c2
_2ddc
999 _c170265
_d170265